Telematic society : A challenge for tomorrow
Сохранить в:
| Главный автор: | |
|---|---|
| Формат: | |
| Язык: | Undetermined |
| Опубликовано: |
New Jersey
Prentice- Hall, Inc.
1981
|
| Предметы: | |
| Метки: |
Добавить метку
Нет меток, Требуется 1-ая метка записи!
|
| Thư viện lưu trữ: | Trung tâm Học liệu Trường Đại học Cần Thơ |
|---|
| LEADER | 00532nam a2200193Ia 4500 | ||
|---|---|---|---|
| 001 | CTU_84161 | ||
| 008 | 210402s9999 xx 000 0 und d | ||
| 082 | |a 384 | ||
| 082 | |b M379 | ||
| 100 | |a Martin, James | ||
| 245 | 0 | |a Telematic society : | |
| 245 | 2 | |b A challenge for tomorrow | |
| 245 | 0 | |c James Martin | |
| 260 | |a New Jersey | ||
| 260 | |b Prentice- Hall, Inc. | ||
| 260 | |c 1981 | ||
| 650 | |a Computers,Electronic,Telecommunication | ||
| 904 | |i QHieu(sửa) | ||
| 980 | |a Trung tâm Học liệu Trường Đại học Cần Thơ | ||